000 00446nam a2200169Ia 4500
008 230711s9999||||xx |||||||||||||| ||und||
020 _a978-81-239-1689-7
041 _aDOI
082 _a615.7
_bVY-N
100 _aVyas,Suresh P
245 0 _aTheory and practices in Novel drug delivery system
250 _a1st Ed.
260 _c2009
_aNew Delhi
_bCBS Publishers & Distributors Pvt.Ltd
300 _a405p.
650 _aPharmacy
942 _cBK
999 _c7187
_d7187